Strategický manažment a rozhodovanie
Guardado en:
| Autor principal: | |
|---|---|
| Formato: | Libro |
| Lenguaje: | eslovaco |
| Publicado: |
Bratislava
Iura Edition
2012
|
| Edición: | 1. vyd. |
| Materias: | |
| Etiquetas: |
Sin Etiquetas, Sea el primero en etiquetar este registro!
|
MARC
| LEADER | 00000nam a2200000 4500 | ||
|---|---|---|---|
| 001 | 0175526 | ||
| 005 | 20251201083054.8 | ||
| 020 | |a 978-80-8078-530-7 | ||
| 041 | 0 | |a slo | |
| 044 | |a SK | ||
| 245 | 1 | 0 | |a Strategický manažment a rozhodovanie |c Mária Antošová ; recenzenti: Bohuslava Mihalčová, Peter Sakál |
| 250 | |a 1. vyd. | ||
| 264 | 1 | |a Bratislava |b Iura Edition |c 2012 | |
| 300 | |a 332 s. [16,85 AH] | ||
| 610 | 2 | 0 | |a riadenie strategické |
| 610 | 2 | 0 | |a stratégia podniková |
| 610 | 2 | 0 | |a portfólio |
| 610 | 2 | 0 | |a podnikanie |
| 610 | 2 | 0 | |a stratégia podnikateľská |
| 610 | 2 | 0 | |a výhody konkurenčné |
| 610 | 2 | 0 | |a rozhodovanie strategické |
| 610 | 2 | 0 | |a zodpovednosť spoločenská |
| 100 | 1 | |a Antošová, Mária, 1965- | |